000 00463 a2200133 4500
999 _c329464
_d329464
003 NUST
005 20170509114106.0
008 170509b xxu||||| |||| 00| 0 eng d
020 _a8120311248
040 _c0
082 _a519.52 MUK
100 _aMukhopadhyay,Parimal
_9159
245 _aTheory and Methods of Survey sampling
_cParimal Mukhopadhyay
260 _aNew Delhi:
_bPrentics Hall,
_c1998.
300 _axi, 483p. :
_c25 cm.
500 _aP.B
650 _asampling
_9160
942 _2ddc
_cBK
_k519.52 MUK